Completing your qualitatve dissertation: A road map form beginning to end (Record no. 172856)

MARC details
000 -LEADER
fixed length control field 00444nam a2200157Ia 4500
008 - FIXED-LENGTH DATA ELEMENTS--GENERAL INFORMATION
fixed length control field 230917s9999||||xx |||||||||||||| ||und||
040 ## - CATALOGING SOURCE
-- 204272
Original cataloging agency VIVEKANANDA LIBRARY
041 ## - Language
-- English
082 ## - DDC NUMBER
Classification number 300.72 B623C
100 ## - MAIN ENTRY--PERSONAL NAME
Personal name Bloomberg, Linda Dale
245 #0 - TITLE STATEMENT
Title Completing your qualitatve dissertation: A road map form beginning to end
250 ## - EDITION STATEMENT
Edition statement 2nd ed.
260 ## - PUBLICATION, DISTRIBUTION, ETC. (IMPRINT)
Place of publication, distribution, etc Los Angeles
Name of publisher, distributor, etc Sage Publications
Date of publication, distribution, etc 2012
300 ## - PHYSICAL DESCRIPTION
Pages xxx, 312 p.
942 ## - ADDED ENTRY ELEMENTS (KOHA)
Koha item type Books
Holdings
Withdrawn status Lost status Damaged status Not for loan Location (home branch) Sublocation or collection (holding branch) Shelving location Date acquired Koha issues (times borrowed) Koha full call number Accession No. Koha date last seen Koha item type
        VIVEKANANDA LIBRARY VIVEKANANDA LIBRARY IMSAR Library 06/11/2013   300.72 B623C 324187 17/09/2023 Books
        VIVEKANANDA LIBRARY VIVEKANANDA LIBRARY IHTM Library 06/11/2013   300.72 B623C 327395 17/09/2023 Books
© Designed and Maintained by Vivekananda Library, MDU Rohtak